00386nam a22001337a 4500100003100000245005800031260002600089300000900115650002600124650001200150942000700162999001500169952006800184 aJayasinghe,Sajani Kanishka aThe Art of Dyeing : Antimicrobial Coating on Textile aColombobICHEMCc2014 a20 p aantimicrobial coating aTextile cBK c3158d3158 001070aICbICd2016-02-17l0pS0004r2016-02-17 00:00:00yDIS